Statistics for World Capitals by First Two Letters (on a semi-empty map)

Click here to take the quiz!

General Stats

  • This quiz has been taken 1,851 times
  • The average score is 117 of 196

Answers on the Map

Answers color-coded by a green-red scale on the quiz's map according to % correct below.
 

Answer Stats

capital% Correct
Pretoria
94%
Beijing
91%
Beirut
91%
Belgrade
91%
Belmopan
91%
Berlin
91%
Bern
91%
Warsaw
91%
Washington
91%
Madrid
90%
Majuro
90%
Malabo
90%
Malé
90%
Managua
90%
Manama
90%
Manila
90%
Maputo
90%
Maseru
90%
Mogadishu
90%
Monaco
90%
Monrovia
90%
Montevideo
90%
Moroni
90%
Moscow
90%
Cairo
88%
Canberra
88%
Caracas
88%
Castries
88%
Palikir
86%
Panama City
86%
Paramaribo
86%
Paris
86%
Saint George's
86%
Saint John's
86%
Sana'a
86%
San José
86%
San Marino
86%
San Salvador
86%
Santiago
86%
Santo Domingo
86%
São Tomé
86%
Sarajevo
86%
Libreville
83%
Lilongwe
83%
Lima
83%
Lisbon
83%
Lomé
82%
London
82%
Brasília
81%
Bratislava
81%
Brazzaville
81%
Bridgetown
81%
Brussels
81%
Bucharest
79%
Budapest
79%
Buenos Aires
79%
Ngerulmud
79%
Mexico City
78%
Ottawa
77%
Reykjavik
76%
Baghdad
73%
Baku
73%
Bamako
73%
Bandar Seri
Begawan
73%
Bangkok
73%
Bangui
73%
Banjul
73%
Basseterre
73%
Podgorica
69%
Port-au-Prince
69%
Port Louis
69%
Port Moresby
69%
Port-of-Spain
69%
Porto-Novo
69%
Port-Vila
69%
Sucre
69%
Kiev
65%
Kigali
65%
Kingston
65%
Kingstown
65%
Kinshasa
65%
Colombo
64%
Dublin
64%
Dushanbe
64%
Helsinki
64%
Taipei
64%
Tallinn
64%
Tashkent
64%
Tokyo
64%
Oslo
63%
Stockholm
63%
Ashgabat
61%
Asmara
61%
Astana
61%
Asunción
61%
Conakry
60%
Copenhagen
60%
Prague
60%
Praia
60%
Pristina
60%
Bogotá
59%
Hanoi
59%
Harare
59%
Havana
59%
Riga
59%
Riyadh
59%
Andorra la Vella
58%
Ankara
58%
Antananarivo
58%
Seoul
58%
Victoria
58%
Vienna
58%
Vientiane
58%
Vilnius
58%
Nairobi
57%
Nassau
57%
Naypyidaw
57%
Wellington
57%
Rome
56%
Roseau
56%
Tegucigalpa
54%
Tehran
54%
Vaduz
53%
Valletta
53%
Vatican City
53%
Minsk
52%
Dakar
50%
Damascus
50%
Luanda
50%
Lusaka
50%
Luxembourg
50%
New Delhi
50%
Nicosia
50%
Amman
48%
Amsterdam
48%
Rabat
48%
Algiers
46%
Guatemala City
45%
Sofia
45%
South Tarawa
45%
Abu Dhabi
44%
Abuja
44%
Jakarta
43%
Kabul
43%
Kampala
43%
Kathmandu
43%
Tunis
43%
Quito
41%
Athens
40%
Bishkek
40%
Bissau
40%
Niamey
40%
Suva
40%
Pyongyang
39%
Singapore
39%
Dodoma
37%
Doha
37%
Georgetown
37%
Muscat
36%
Nouakchott
36%
Kuala Lumpur
35%
Kuwait City
35%
Tirana
34%
Addis Ababa
33%
Tripoli
33%
Accra
32%
Dili
30%
Ulaanbaatar
30%
Honiara
29%
Chișinău
28%
Gitega
28%
Windhoek
28%
Jerusalem
27%
Yamoussoukro
27%
Yaoundé
27%
Yaren
27%
Gaborone
26%
Nuku'alofa
26%
Apia
24%
Dhaka
23%
Funafuti
23%
Freetown
22%
Juba
22%
Thimphu
21%
Zagreb
21%
Islamabad
20%
Ouagadougou
20%
Djibouti
19%
Khartoum
19%
Phnom Penh
19%
Yerevan
18%
Tbilisi
17%
Ljubljana
16%
N'Djamena
16%
Skopje
16%
Mbabane
15%

Score Distribution

Percentile by Number Answered

Percent of People with Each Score

Your Score History

You have not taken this quiz